| 000 | 00501nam a2200181 4500 | ||
|---|---|---|---|
| 008 | b xx# fre u | ||
| 020 | _a9782914006590 | ||
| 040 | _aLB-BrCRDP | ||
| 082 | _a370.7/NOY | ||
| 100 | 1 | _aNoyé,Didier | |
| 130 | 0 | _lFR | |
| 245 | 1 | 0 |
_aGuide du formateur _bConcevoir animer évaluer une formation _cDidier Noyé |
| 260 |
_aParis _bINSEP consulting Editions _c2007 |
||
| 300 |
_a220p.; _c25cm |
||
| 650 | _aFormation | ||
| 942 | _cBK | ||
| 999 |
_c16745 _d16745 |
||